Z kim nagrał Szpaku ? - Statystyki

Ogólne statystyki
  • Ten quiz został rozwiązany 167 razy
  • Średni wynik to 18 z 85
Statystyki odpowiedzi
Hint Odpowiedź % Poprawnych
29 Białas
88%
10 Paluch
87%
60 Chivas
85%
51 Bedoes
79%
21 Young Igi
71%
12 Kizo
68%
61 White
68%
1 Rolex
61%
20 Kaz Bałagane
60%
49 OKI
56%
11 Jan - Rapowanie
51%
80 27.FUCKDEMONS
50%
70 DZIARMA
45%
17 Sarius
44%
18 Guzior
40%
46 Żabson
40%
85 Waima
37%
28 Słoń
34%
35 Joda
33%
44 Solar
33%
81 VAE VISTIC
32%
30 Włodi
28%
56 Qry
27%
65 Zdechły Osa
27%
74 esceh
26%
54 Kinny Zimmer
26%
2 Młodzian
26%
73 RIP SCOTTY
25%
47 Gedz
24%
55 Borixon
23%
83 Fukaj
22%
71 Kadobe
22%
79 Sokół
22%
14 Kobik
21%
40 Lipa
21%
62 Taco Hemingway
21%
50 TYMEK
21%
23 Bezczel
20%
57 ZetHa
19%
22 Kuban
16%
32 Bonus RPK
15%
84 Tomb
14%
59 olsza
13%
52 Coals
12%
69 SOBEL
12%
63 SMOLASTY
11%
58 Karwan
10%
34 Deys
8%
82 po prostu Kajtek
8%
13 Kacper HTA
7%
41 Major SPZ
7%
75 PRO8L3M
7%
76 Kiełas
5%
15 Penx
4%
9 R.eS
4%
53 Bonson
3%
64 Eis
3%
42 Jongmen
3%
48 Onek87
3%
8 Raxxity
3%
27 Shellerini
3%
3 Swayze
3%
38 Auer
2%
25 Bajorson
2%
26 Dj Decks
2%
78 Fauda
2%
19 Frosti Rege
2%
37 Małolat
2%
67 SITEK
2%
24 Diox
1%
5 Iwan
1%
39 Jano PW
1%
43 Kamel
1%
68 ŁAJZOL
1%
31 Małach
1%
72 TUZZA
1%
66 WINI
1%
7 ADZKY
0%
33 ATR MF
0%
77 Gaugan
0%
4 Gurzyn
0%
45 ISA
0%
36 KPSN
0%
16 Kvmaty
0%
6 Trinitaz
0%
Nie znaleziono quizów pasujących do podanych kryteriów
Rozkład punktacji
Procent ludzi z każdym wynikiem
Percentyl według liczby udzielonych odpowiedzi
Twoja historia wyników
Nie rozwiązałeś tego quizu